| 000 | 00434nmm a2200157Ia 4500 | ||
|---|---|---|---|
| 008 | 251105s9999||||xx |||||||||||||||||und|| | ||
| 041 | _aspa | ||
| 100 | _aRedmann, J.M. | ||
| 245 | 0 | _aUn asunto turbio | |
| 264 |
_a[Madrid, España] : _bEditorial Egales, _c2018 |
||
| 300 | _a440 páginas | ||
| 490 | _aNarrativa | ||
| 650 | _aNorth American narrative | ||
| 856 | _uhttps://public.digitaliapublishing.com/a/171386 | ||
| 942 | _cCF | ||
| 999 |
_c100162 _d100162 |
||